Public knowledge: an essay concerning the social dimension of science

שמור ב:
מידע ביבליוגרפי
מחבר ראשי: Ziman, John M (Author)
פורמט: ספר
שפה:אנגלית
יצא לאור: Cambridge Cambridge University Press 1968
נושאים:
תגים: הוספת תג
אין תגיות, היה/י הראשונ/ה לתייג את הרשומה!

MARC

LEADER 00000nam a2200000 a 4500
001 UCH3094
003 CL-VaPUC
008 090715e19680000UK |||||||||||||||||eng|d
082 0 4 |a 501  |b ZIM  |2 21 
100 0 |a Ziman, John M  |e author  |9 538252 
245 1 0 |a Public knowledge: an essay concerning the social dimension of science 
300 |a 147 p 
942 |c BK 
945 |d 20090715 00:00:00  |a rbrito 
260 |a Cambridge  |b Cambridge University Press  |c 1968 
650 0 |a Filosofía de las ciencias  |9 256466 
650 0 |a Método científico   |9 337193 
583 |a last modification  |c 20120930 10:35:13  |k Rodrigo Vera 
999 |c 334732  |d 334730